Quy định mới về tổ chức giảng dạy ngoại ngữ và chuẩn đầu ra ngoại ngữ tại ĐHQG Hà Nội
সংরক্ষণ করুন:
| প্রধান লেখক: | |
|---|---|
| বিন্যাস: | গ্রন্থ |
| ভাষা: | Undetermined |
| বিষয়গুলি: | |
| অনলাইন ব্যবহার করুন: | http://lrc.tdmu.edu.vn/opac/search/detail.asp?aID=2&ID=27367 |
| ট্যাগগুলো: |
ট্যাগ যুক্ত করুন
কোনো ট্যাগ নেই, প্রথমজন হিসাবে ট্যাগ করুন!
|
| Thư viện lưu trữ: | Trung tâm Học liệu Trường Đại học Thủ Dầu Một |
|---|
| LEADER | 00659nam a2200145Ia 4500 | ||
|---|---|---|---|
| 001 | TDMU_27367 | ||
| 008 | 210410s9999 xx 000 0 und d | ||
| 082 | |a 372 | ||
| 100 | |a Lê, Thị Chinh | ||
| 245 | 0 | |a Quy định mới về tổ chức giảng dạy ngoại ngữ và chuẩn đầu ra ngoại ngữ tại ĐHQG Hà Nội | |
| 245 | 0 | |c Lê Thị Chinh | |
| 300 | |a Tr.39-42 | ||
| 650 | |a Giáo dục đại học |x Chuẩn đầu ra; Giảng dạy; Ngoại ngữ; Chuẩn đầu ra | ||
| 856 | |u http://lrc.tdmu.edu.vn/opac/search/detail.asp?aID=2&ID=27367 | ||
| 980 | |a Trung tâm Học liệu Trường Đại học Thủ Dầu Một | ||